000 00674nam a2200145Ia 4500
008 100204s9999 xx 000 0 und d
082 _b13898
100 _aसरदार गंगाधर बाळकृष्ण
245 _aमहात्मा फुले व्यक्तित्व आणि विचार
260 _b"ग्रंथाली प्रकाशन , मुंबई"
_c1982
300 _a227
630 _aमहात्मा फुले व्यक्तित्व आणि विचार
730 _aमहात्मा फुले व्यक्तित्व आणि विचार
942 _cBOOK
999 _c458329
_d458326